000 00545pam a2200181 a 4500
020 _a8180616398
_c2995.00
041 _aeng
_hNULL
082 _a618.2
_bCAR/KUR
100 _aCARRERA, J .
245 _aDONALD SCHOOL ATLAS OF CLINICAL APPLICATION OF ULTRA SOUND IN OBSTETRIC & GYNAECOLOGY /
_cNULL.
_hTextual Documents
260 _aNULL :
_bJAYPEE BROTHERS MEDICAL PUB. ,
_c2006.
300 _a477 :
_bxii ;
_cNULL .
365 _a2995.00
700 _aKURJAM, A .
930 _a1245
999 _c795781
_d795781
650 _aOBST.GYNE